Statistiche per Vincitori del campionato della Liga

Clicka qui per fare il quiz!

Statistiche generali

  • Questo quiz è stato fatto 142 volte
  • Il punteggio medio è 72 su 94

Statistiche sulle risposte

StagioneSquadra% Corretto
1928-29Barcellona
100%
2004-05Barcellona
100%
1984-85Barcellona
100%
1990-91Barcellona
100%
1991-92Barcellona
100%
1959-60Barcellona
100%
1958-59Barcellona
100%
1992-93Barcellona
100%
1993-94Barcellona
100%
1997-98Barcellona
100%
1952-53Barcellona
100%
1951-52Barcellona
100%
1973-74Barcellona
100%
1948-49Barcellona
100%
1947-48Barcellona
100%
1998-99Barcellona
100%
1944-45Barcellona
100%
2010-11Barcellona
100%
2018-19Barcellona
100%
2017-18Barcellona
100%
2005-06Barcellona
100%
2014-15Barcellona
100%
2012-13Barcellona
100%
2015-16Barcellona
100%
2009-10Barcellona
100%
2008-09Barcellona
100%
1988-89Real Madrid
100%
1977-78Real Madrid
100%
1978-79Real Madrid
100%
1979-80Real Madrid
100%
2019-20Real Madrid
100%
1985-86Real Madrid
100%
1986-87Real Madrid
100%
1987-88Real Madrid
100%
1989-90Real Madrid
100%
2011-12Real Madrid
100%
2002-03Real Madrid
100%
2006-07Real Madrid
100%
2016-17Real Madrid
100%
2007-08Real Madrid
100%
2000-01Real Madrid
100%
1994-95Real Madrid
100%
1996-97Real Madrid
100%
1974-75Real Madrid
100%
1975-76Real Madrid
100%
2021-22Real Madrid
100%
1964-65Real Madrid
100%
1931-32Real Madrid
100%
1932-33Real Madrid
100%
1971-72Real Madrid
100%
1954-55Real Madrid
100%
1956-57Real Madrid
100%
1957-58Real Madrid
100%
1960-61Real Madrid
100%
1961-62Real Madrid
100%
1962-63Real Madrid
100%
1963-64Real Madrid
100%
1953-54Real Madrid
100%
1967-68Real Madrid
100%
1966-67Real Madrid
100%
1968-69Real Madrid
100%
1943-44Valencia
88%
1941-42Valencia
88%
2003-04Valencia
88%
1946-47Valencia
88%
2001-02Valencia
88%
1970-71Valencia
88%
1945-46Siviglia
80%
1981-82Real Sociedad
42%
1980-81Real Sociedad
42%
1999-00Deportivo La Coruna
33%
1934-35Real Betis
33%
Scrivi NoNo
30%
Scrivi NoNo
30%
Scrivi NoNo
30%
2013-14Atl.Madrid
20%
1976-77Atl.Madrid
20%
2020-21Atl.Madrid
20%
1965-66Atl.Madrid
20%
1949-50Atl.Madrid
20%
1950-51Atl.Madrid
20%
1969-70Atl.Madrid
20%
1995-96Atl.Madrid
20%
1972-73Atl.Madrid
20%
1942-43Atl.Bilbao
13%
1935-36Atl.Bilbao
13%
1955-56Atl.Bilbao
13%
1933-34Atl.Bilbao
13%
1982-83Atl.Bilbao
13%
1929-30Atl.Bilbao
13%
1930-31Atl.Bilbao
13%
1983-84Atl.Bilbao
13%
1940-41Atl.Aviacion
3%
1939-40Atl.Aviacion
3%

Distribuzione punteggi

Percentile per numero di risposta

Percentuale di utenti per punteggio

I tuoi punteggi nel tempo

Non hai fatto questo quiz